A PLACE CALLEF SCBOOL PROSPECTS FOR THE FUTURE (Record no. 4490)

MARC details
000 -LEADER
fixed length control field 00479nam a22001937a 4500
003 - CONTROL NUMBER IDENTIFIER
control field OSt
005 - DATE AND TIME OF LATEST TRANSACTION
control field 20210916153524.0
008 - FIXED-LENGTH DATA ELEMENTS--GENERAL INFORMATION
fixed length control field 210916b |||||||| |||| 00| 0 eng d
020 ## - INTERNATIONAL STANDARD BOOK NUMBER
International Standard Book Number 0070236267
040 ## - CATALOGING SOURCE
Transcribing agency HAWASSA UNIVERSITY
050 ## - LIBRARY OF CONGRESS CALL NUMBER
Classification number 371.0110973/GOO
082 ## - DEWEY DECIMAL CLASSIFICATION NUMBER
Classification number HERANO H
100 ## - MAIN ENTRY--PERSONAL NAME
Personal name GOODLAD JOHN I.
9 (RLIN) 4429
245 ## - TITLE STATEMENT
Title A PLACE CALLEF SCBOOL PROSPECTS FOR THE FUTURE
260 ## - PUBLICATION, DISTRIBUTION, ETC.
Name of publisher, distributor, etc. NEW YORK
Date of publication, distribution, etc. 1984
300 ## - PHYSICAL DESCRIPTION
Extent XIX/396
504 ## - BIBLIOGRAPHY, ETC. NOTE
Bibliography, etc. note INDEX
942 ## - ADDED ENTRY ELEMENTS (KOHA)
Source of classification or shelving scheme Dewey Decimal Classification
Koha item type Books like text book referance book
Suppress in OPAC No
Holdings
Withdrawn status Lost status Source of classification or shelving scheme Damaged status Not for loan Home library Current library Date acquired Total Checkouts Full call number Barcode Date last seen Copy number Price effective from Koha item type Shelving location
    Dewey Decimal Classification     College of Agriculture Library College of Agriculture Library 09/16/2021   371.010973/GOO ALIB0005808 09/16/2021 2 09/16/2021 Books like text book referance book  
    Dewey Decimal Classification     Social Library Social Library 11/24/2021   371.010973/GOO SHLIB00003567 11/24/2021 1 11/24/2021 Books like text book referance book General Stacks